MARC

Tag First Indicator Second Indicator Subfields
LEADER 00000cam a2200000Ia 4500
001 in00001797828
005 20151025124652.0
008 830805e198207 ne a tb 100 0 eng d
035 |a (OCoLC)ocm09782070 
040 |a AFM  |c AFM  |d TXA  |d UtOrBLW 
049 |a TXAM 
090 |a TC160  |b .D417 no.273 
100 1 |a Klaassen, G. J. 
245 1 0 |a Planning and environmental impact assessment of river engineering works via mathematical models /  |c G.J. Klaassen, R. Klomp and J.J. van der Zwaard. 
264 1 |a Delft, The Netherlands :  |b Waterloopkundig Laboratorium,  |c 1982. 
300 |a 25 pages :  |b illustrations ;  |c 30 cm. 
336 |a text  |b txt  |2 rdacontent 
337 |a unmediated  |b n  |2 rdamedia 
338 |a volume  |b nc  |2 rdacarrier 
490 1 |a Publication / Waterloopkundig Laboratorium (Delft),  |x 0166-7521 ;  |v no. 273 
500 |a "July 1982." 
500 |a Presented at the third congress of the Asian Pacific Regional Division of the International Association for Hydraulic Research, August 24-26, 1982 Bandung, Indonesia. 
504 |a Bibliography: pages 23-25. 
650 0 |a Rivers  |x Environmental engineering  |x Mathematical models. 
650 0 |a Hydraulic engineering  |x Environmental impact analysis. 
650 0 |a Mathematical models. 
700 1 |a Klomp, R. 
700 1 |a Zwaard, J. J. van der. 
710 2 |a Waterloopkundig Laboratorium (Delft, Netherlands) 
710 2 |a International Association for Hydraulic Research.  |b Asian and Pacific Regional Division. 
711 2 |a Congress of the Asian Pacific Regional Division of the International Association for Hydraulic Research  |n (3rd :  |d 1982 August 24-26 :  |c Bandung, Indonesia) 
830 0 |a Publication (Waterloopkundig Laboratorium (Delft, Netherlands)) ;  |v no. 273. 
948 |a cataloged  |b h  |c 2003/11/11  |d c  |e jgreene  |f 1:39:26 pm 
994 |a E0  |b TXA 
999 |a MARS 
999 f f |s 7599b67f-69b6-3cc3-854b-796a358aedaa  |i 351d82e5-9bca-38b1-bd58-8106c4d89440  |t 0 
952 f f |p ric  |a Texas A&M University  |b Rellis Campus  |c Joint Library Facility  |d Remote Storage  |t 0  |e TC160 .D417 no.273  |h Library of Congress classification  |i unmediated -- volume  |m A14830774911 
998 f f |a TC160 .D417 no.273  |t 0  |l Remote Storage